| 000 | 00906nam a22002297a 4500 | ||
|---|---|---|---|
| 005 | 20240530110618.0 | ||
| 008 | 161206s2014 ua g 000 0 ara d | ||
| 017 |
_a2014/1530 _bمصر. دار الكتب |
||
| 020 | _a9789771810209 | ||
| 040 |
_aEG-CaGPL _cEG-CaGPL |
||
| 082 | 0 | 4 |
_221 _a267\ _bع ر |
| 100 | 0 | _aعامر النجار . | |
| 245 | 1 | 2 |
_aالرعاية فى تحصيل المقامات المذكورة فى كتاب الله تعالى من مقامات اليقين للسالكين / _cتحقيق عامر النجار . |
| 250 | _aط.1 | ||
| 260 |
_aالقاهرة : _c2014 . _bمطبعة دار الكتب و الوثائق القومية بالقاهرة ، |
||
| 300 |
_a588 ص. ؛ _c28 سم . |
||
| 504 | _aيشتمل على ارجاعات ببليوجرافية . | ||
| 650 | 0 | 7 |
_2qrmak _aالتصوف . |
| 651 | _2qrmak | ||
| 942 |
_2ddc _cBK |
||
| 999 |
_c62997 _d62997 |
||